000 02360cam a2200421 a 4500
001 ocm49927349
003 TZ-ArACH
005 20130502114448.0
008 020529s2002 enkk b 001 0 eng
010 _a 2002074284
015 _aGBA2-65297
020 _a0198269900
020 _a9780198269908
035 _a(OCoLC)49927349
_z(OCoLC)60660374
040 _aDLC
_beng
_cTZ-ArACH
_dUKM
_dC#P
_dBAKER
_dNLGGC
_dBTCTA
_dYDXCP
_dDEBBG
_dGGYBL
_dBDX
041 _aEng
049 _aTZAA
050 0 0 _aK2115
_b.M39
082 0 0 _a341.7/8
_221
100 1 _aMcClean, J. D.
_q(John David)
_99271
245 1 0 _aInternational co-operation in civil and criminal matters /
_cDavid McClean.
246 3 _aInternational cooperation in civil and criminal matters
260 _aOxford ;
_aNew York :
_bOxford University Press,
_c2002.
300 _axlvii, 449 p. :
_bforms ;
_c24 cm.
500 _a"The present book is a second and much revised edition of my International Judicial Assistance, published in 1992."--Pref.
504 _aIncludes bibliographical references and index.
505 0 _a1. Introduction -- 2. Service of process -- 3. Taking of evidence: national practices -- 4. Taking of evidence: international co-operation -- 5. Co-operation in criminal matters: origins and developments -- 6. Co-operation in criminal matters: international texts -- 7. Drug trafficking -- 8. Money laundering -- 9. Terrorism -- 10. The proceeds of crime -- 11. United kingdom legislation and treaties -- 12. The recognition and enforcement of criminal judgments
650 0 _aJustice, Administration of
_xInternational cooperation.
_99272
650 0 _aJudicial assistance.
_99273
650 0 _aLaw enforcement
_xInternational cooperation.
_99274
650 0 _aEntraide judiciare internationale
_xApplication
_99282
650 0 _aLois
_xCooperation internationale
_99283
856 4 2 _3Publisher description
_uhttp://catdir.loc.gov/catdir/enhancements/fy0613/2002074284-d.html
856 4 1 _3Table of contents only
_uhttp://catdir.loc.gov/catdir/enhancements/fy0613/2002074284-t.html
856 4 2 _3Contributor biographical information
_uhttp://catdir.loc.gov/catdir/enhancements/fy0724/2002074284-b.html
942 _2lcc
_cBOOK
999 _c1898
_d1898